The green leap to an inclusive economy (Record no. 8)

MARC details
000 -Trường điều khiển
01161nam a2200241 a 4500
005 - Thời gian thao tác lần cuối với biểu ghi
20240524071123.0
008 - Trường có độ dài cố định -- Thông tin chung tài liệu
200910s2019 enk 000 0 eng d
020 ## - Số sách chuẩn quốc tế ISBN
Số ISBN 9781138593107
040 ## - Thông tin cơ quan biên mục
Cơ quan biên mục gốc DLC
Ngôn ngữ biên mục vie
Quy tắc mô tả AACR2
041 0# - Mã ngôn ngữ
Mã ngôn ngữ của chính văn eng
082 04 - Ký hiệu phân loại DDC
Chỉ số DDC 339.22
Chỉ số Cutter G795
100 ## - Tiêu đề chính -- Tên cá nhân
Họ tên cá nhân Fernando, Casado Caneque
245 ## - Nhan đề chính
Nhan đề chính The green leap to an inclusive economy
Thông tin trách nhiệm / edited by Stuart L. Hart, Fernando Casado Caneque.
260 ## - Địa chỉ xuất bản
Nơi xuất bản London
Nhà xuất bản : Routledge
Năm xuất bản , 2019
300 ## - Mô tả vật lý
Độ lớn/Số trang xi, 172 p.
Kích thước, khổ cỡ ; 25 cm
504 ## - Phụ chú thư mục
Phụ chú về thư mục 1. Introduction and Conceptual framework -- 2. Towards a new framework for Inclusive Design Thinking -- 3. Towards a new concept of sustainable production -- 4. Towards new models of inclusive distribution -- 5. Towards new innovative recycling systems -- 6. Towards new models of empowerment through access to opportunities -- 7. Towards enabling ecosystems for an inclusive local economy -- 8. Towards new frameworks for inclusive and sustainable business
653 #0 - Thuật ngữ chủ đề không kiểm soát
Từ khóa Income distribution
653 #0 - Thuật ngữ chủ đề không kiểm soát
Từ khóa Equality
653 #0 - Thuật ngữ chủ đề không kiểm soát
Từ khóa Economic development
700 1# - Tiêu đề bổ sung -- Tên cá nhân
Họ tên cá nhân Hart, Stuart L
Thông tin trách nhiệm : editor
700 1# - Tiêu đề bổ sung -- Tên cá nhân
Họ tên cá nhân Fernando, Casado Caneque
Thông tin trách nhiệm : editor
942 ## - Định dạng tài liệu (KOHA)
Nguồn phân loại Dewey Decimal Classification
Kiểu tài liệu (Koha) Books
Holdings
Ngày ghi mượn cuối Số lần ghi mượn Ký hiệu phân loại Đăng ký cá biệt Cập nhật lần cuối Số bản sao Ngày áp dụng giá thay thế Kiểu tài liệu Trạng thái mất tài liệu Nguồn phân loại Trạng thái hư hỏng Không cho mượn về Trạng thái lưu thông Thư viện sở hữu Thư viện lưu trữ Ngày bổ sung
24/05/2024 1 339.22 G795 DL00000007 21/06/2024 1 09/05/2024 Books   Dewey Decimal Classification     Sẵn sàng lưu thông Centerville Centerville 09/05/2024